Normal view
MARC view
- Garmany, John , Walker, Jeff ,Clark, Terry
Entry Personal Name
001 - CONTROL NUMBER
- control field: 58890
003 - CONTROL NUMBER IDENTIFIER
- control field: NUST
005 - DATE AND TIME OF LATEST TRANSACTION
- control field: 20210628202229.0
008 - FIXED-LENGTH DATA ELEMENTS
- fixed length control field: 210628|| aca||aabn | a|a d
040 ## - CATALOGING SOURCE
- Original cataloging agency: NUST
- Transcribing agency: NUST
100 ## - HEADING--PERSONAL NAME
- Personal name: Garmany, John , Walker, Jeff ,Clark, Terry
670 ## - SOURCE DATA FOUND
- Source citation: Work cat.: (NUST): Garmany, John , Walker, Jeff ,Clark, Terry, Logical database design principles, 2005
